01495nam a2200289 a 450000100100000000500170001000800410002702000180006804000250008608200160011110000330012724501090016026000380026930000200030750000730032750000540040050400300045459000260048470000270051070000300053795201290056795201290069695201290082595201140095495201200106899900170118800004841820201002061135.0190314s2018 dr r 000 0 spa d a9789945590852 aDO-SdBNPbspacBNPHU axxxxbB453v1 aBeltré, José Luis97582813aEl voto preferencial en República Dominicana /cJosé Luis Beltre, Natanael Disla, Pamela de la Rosa. aSanto Domingo :bFUNGLODE,c2018. a52 p. ;c23 cm. aIncluye referencias bibliográficas y notas al pie de las páginas aCuadernos del Observatorio Político Dominicano. aBibliografía : p. 48-52 aInventariado, 2019/BT1 aDisla, Natanael9747321 aRosa, Pamela de la975829 001054708DSaGRbGRcHDd2019-03-14iLF1l0oxxxx B453vp48418-30r2020-06-25te. 3w2020-06-25yLFDSZPréstamo en sala 001054708DSaGRbGRcHDd2019-03-14iLF1l0oxxxx B453vp48418-40r2020-06-25te. 4w2020-06-25yLFDSZPréstamo en sala 001054708DSaGRbGRcHDd2019-03-14iLF1l0oxxxx B453vp48418-50r2020-06-25te. 5w2020-06-25yLFDSZPréstamo en sala 0010718PDaPDbPDcHDd2019-03-14iLF1l0oxxxx B453vp48418-10r2020-06-25w2020-06-25yLFPDZNo se presta 0010718PDaPDbPDcHDd2019-03-14iLF1l0oxxxx B453vp48418-20r2020-06-25te. 2w2020-06-25yLFPDZNo se presta c47906d47906